Artificial intelligence and machine learning (Record no. 6330)
[ view plain ]
| 000 -LEADER | |
|---|---|
| fixed length control field | 00453nam a22001697a 4500 |
| 003 - CONTROL NUMBER IDENTIFIER | |
| control field | OSt |
| 005 - DATE AND TIME OF LATEST TRANSACTION | |
| control field | 20220107122847.0 |
| 008 - FIXED-LENGTH DATA ELEMENTS--GENERAL INFORMATION | |
| fixed length control field | 190116b xxu||||| |||| 00| 0 eng d |
| 020 ## - INTERNATIONAL STANDARD BOOK NUMBER | |
| International Standard Book Number | 9788120349346 |
| 040 ## - CATALOGING SOURCE | |
| Transcribing agency | IIITMK |
| 082 ## - DEWEY DECIMAL CLASSIFICATION NUMBER | |
| Classification number | 006.31 CHA/A; 3 |
| 100 ## - MAIN ENTRY--PERSONAL NAME | |
| Personal name | Chandra, Vinod S S |
| 9 (RLIN) | 15204 |
| 245 ## - TITLE STATEMENT | |
| Title | Artificial intelligence and machine learning |
| Statement of responsibility, etc. | Vinod Chandra S S |
| 300 ## - PHYSICAL DESCRIPTION | |
| Extent | xiii, 349p. |
| 700 ## - ADDED ENTRY--PERSONAL NAME | |
| Personal name | Hareendran, Anand S |
| 9 (RLIN) | 15205 |
| 942 ## - ADDED ENTRY ELEMENTS (KOHA) | |
| Source of classification or shelving scheme | Dewey Decimal Classification |
| Koha item type | Books |
| Withdrawn status | Lost status | Source of classification or shelving scheme | Damaged status | Not for loan | Collection code | Home library | Current library | Shelving location | Date acquired | Cost, normal purchase price | Total Checkouts | Total Renewals | Full call number | Barcode | Date last seen | Date last checked out | Price effective from | Koha item type |
|---|---|---|---|---|---|---|---|---|---|---|---|---|---|---|---|---|---|---|
| Dewey Decimal Classification | Machine Learning/ Deep Learning | Kerala University of Digital Sciences, Innovation and Technology Knowledge Centre | Kerala University of Digital Sciences, Innovation and Technology Knowledge Centre | Computer Science | 16/01/2019 | 360.00 | 5 | 5 | 006.31 CHA/A; 3 | 5380 | 28/03/2025 | 14/03/2025 | 16/01/2019 | Books |